| 000 | 01778 a2200193 4500 | ||
|---|---|---|---|
| 003 | Nust | ||
| 005 | 20230512120540.0 | ||
| 010 | _a 83016081 | ||
| 020 | _a0835956504 : | ||
| 040 | _cNust | ||
| 082 | 0 | 0 | _a001.6420683,PAR |
| 100 | 1 |
_aParikh, Girish, _9112259 |
|
| 245 | 1 | 0 |
_aProgrammer productivity : _bachieving an urgent priority / _cGirish Parikh. |
| 260 |
_aReston, Va. : _bReston Pub. Co., _cc1984. |
||
| 300 |
_axvi, 235 p. : _bill. ; _c24 cm. |
||
| 505 | _aImproved Maintenance Techniques how to use Structured Techniques in Maintenance (Page-7), How to Make the Most of HIPO (Page-24), A Powerful Structured Tool: The Warnier/ Orr Diagram (Page-49), How to Increase COBOL Programming Productivity Using a Preprocessor (Page-68), How to Document Program Changes and Enhancements Internally (Page-84), How to Make the Most of Top-Down Development (Page-92), Techniques of Measuring Programmer Productivity (Page-110), Software Tools and Programmer Productivity (Page-123), How to Be Egoless (Page-127), The Three Ts for Increasing Programmer Productivity: Techniques Tools And Training (Page-134), Productivity Improvement through the Use of Software Tools (Page-137), Automated Auditors Aid Maintenance (Page-145), How to Pick a Winner (Page-151), Unpaid Overtime: An Impediment to Increasing Programmer Productivity (Page-162), Programmer Productivity Tips (Page-166), Logical Retrofit for Enhancing Maintenance Programming (Page-184), Maintaining / Enhancing Applications Software Packages Productivity (Page-190), The Missing Link in DP Training Software Maintenance (Page-196), Are you an Illiterate Programmer (Page-230), Are you an Illiterate Programming Manager (Page-207). | ||
| 650 | 0 |
_aComputer programming _xLabor productivity. _9112260 |
|
| 942 |
_2ddc _cBK |
||
| 999 |
_c176570 _d176570 |
||